| 000 | 00529nam a2200145Ia 4500 | ||
|---|---|---|---|
| 008 | 210428s9999 xx 000 0 und d | ||
| 020 | _a1-56347-175-2 | ||
| 082 | _a660.04 A498 R | ||
| 100 |
_aKenned K.Kuo _952210 |
||
| 245 | 0 |
_aRecent advances in spray combustion spray atomization and drop burning phenomena V-I / _cKenned K.Kuo |
|
| 260 |
_bAmerican Institute of Aeronautics and Astronautics _aWashington, DC _c1996 |
||
| 300 | _a517p | ||
| 440 |
_aProgress in astronautics and aeronautics V-166 _9127172 |
||
| 942 |
_cBK _2ddc |
||
| 999 |
_c559979 _d559979 |
||